Comuni della Valcamonica - Statistics

Statistiche generali
  • Questo quiz è stato fatto 32 volte
  • Il punteggio medio è 27 su 41
Statistiche sulle risposte
Risposta % Corretto
Ponte di Legno
100%
Cividate Camuno
90%
Darfo Boario Terme
90%
Pisogne
90%
Temù
90%
Bienno
80%
Breno
80%
Edolo
80%
Esine
80%
Pian Camuno
80%
Vezza d'Oglio
80%
Angolo Terme
70%
Artogne
70%
Berzo Demo
70%
Berzo Inferiore
70%
Incudine
70%
Malegno
70%
Niardo
70%
Sonico
70%
Borno
60%
Capo di Ponte
60%
Ceto
60%
Cevo
60%
Corteno Golgi
60%
Malonno
60%
Monno
60%
Paspardo
60%
Piancogno
60%
Sellero
60%
Vione
60%
Braone
50%
Cimbergo
50%
Lozio
50%
Ossimo
50%
Paisco Loveno
50%
Saviore dell'Adamello
50%
Cedegolo
40%
Cerveno
40%
Gianico
40%
Losine
40%
Ono San Pietro
30%
Nessun quiz corrispondente trovato
Distribuzione punteggi
Percentuale di utenti per punteggio
Percentile per numero di risposta
I tuoi punteggi nel tempo
Non hai fatto questo quiz